000 00392nam a2200145Ia 4500
008 100122s9999 xx 000 0 und d
082 _b29888
_a808.08
100 _aसंत वि द
245 _aगुलमोहर
260 _bप्रणव प्रकाशन
_c1905
300 _a102
630 _aगुलमोहर
730 _aगुलमोहर
942 _cBOOK
999 _c414973
_d414970